000 00507nam a2200181Ia 4500
003 IN-BaIIA
008 211028s9999 xx 000 0 eng d
020 _a0-89495-088-8
040 _cIIA Library
080 _aGEN
_bDAY
100 _aDay, R. A.
_911542
245 0 _aHow write and publish a scientific paper
_cR. A. Day
260 _aPhiladelphia
_c1979
300 _aviii, 160p.
650 _aGeneral
_99574
650 _aNASA Thesaurus
942 _cBK
999 _c6732
_d6732